000 00433nam a2200181Ia 4500
001 8336
005 20260306160601.0
008 260306t1992||||xx |||||||||||||| ||spa||
041 _aESP
082 _a370.19
_bS47
100 _aSchiefelbein, Ernesto
_eAUT
245 0 _aEn busca de la nueva escuela del siglo XXI
260 _c1992
300 _a150 páginas :
_c
650 _aGEN
654 _aCED
942 _cLIB
_dJUS
_fJUS
_2ddc
_n
999 _c8336
_d8336